Cuaderno de comentario crítico de textos.

Gespeichert in:
Bibliographische Detailangaben
1. Verfasser: Díaz Blázquez, Antonio
Weitere Verfasser: López Gutiérrez, Javier Menéndez Cerón, Victoria Ana Simón Molina, María
Format: Buch
Sprache:Spanisch
Erschienen: Madrid : Ediciones SM, DL 1993
Katalog:MANES:  Suchergebnis im Bibliothekskatalog
Schulbuchspezifische Eigenschaften:
Tags: Tag hinzufügen
Keine Tags, Fügen Sie den ersten Tag hinzu!
Hinzugefügt zu:15.10.2025
Geändert in:16.10.2025

MARC

LEADER 00000nam a22000007a 4500
003 OSt
005 20251016110405.0
008 251016b |||||||| |||| 00| 0 spa d
020 |a 84-348-3334-4 
040 |a centro_manes  |c Aula Museo de la Universidad de Oviedo 
100 |a Díaz Blázquez, Antonio  |9 46214 
245 |a Cuaderno de comentario crítico de textos.  
260 |a Madrid :   |b Ediciones SM,   |c DL 1993 
300 |a 95 p.   |c 25 x 19 cm. 
500 |a Cartulina. I.S.B.N.: 84-348-3334-4. Ilustraciones. En cubierta: “Area de Lengua y Literatura”. 
546 |a España 
690 0 |a LEN 
691 |a SE 
700 |a López Gutiérrez, Javier  |9 46215  |a Menéndez Cerón, Victoria Ana   |9 46216  |a Simón Molina, María  |9 46217 
942 |2 ddc  |c BK 
999 |c 104992  |d 104992 
999 |c manes:104992  |d 104992